ARRUPE JESUIT UNIVERSITY

CORONAVIRUS -STOP THE SPREAD - CLEAN,DISINFECT,COVER

Far more precious than jewels : (Record no. 119896)

MARC details
000 -LEADER
fixed length control field 01309cam a2200325 a 4500
001 - CONTROL NUMBER
control field 3431201
003 - CONTROL NUMBER IDENTIFIER
control field ARRUPE
005 - DATE AND TIME OF LATEST TRANSACTION
control field 20140203142142.0
008 - FIXED-LENGTH DATA ELEMENTS--GENERAL INFORMATION
fixed length control field 910118s1991 kyu b 001 0ceng
010 ## - LIBRARY OF CONGRESS CONTROL NUMBER
LC control number 91004516
020 ## - INTERNATIONAL STANDARD BOOK NUMBER
International Standard Book Number 0664251072
040 ## - CATALOGING SOURCE
Original cataloging agency DLC
Transcribing agency DLC
Modifying agency DLC
050 00 - LIBRARY OF CONGRESS CALL NUMBER
Classification number BS575
Item number .D33 1991
082 00 - DEWEY DECIMAL CLASSIFICATION NUMBER
Classification number 220.9/2
Edition number 20
300 ## - PHYSICAL DESCRIPTION
Dimensions 21 cm.
100 1# - MAIN ENTRY--PERSONAL NAME
Personal name Darr, Katheryn Pfisterer,
Dates associated with a name 1952-
9 (RLIN) 7780
245 10 - TITLE STATEMENT
Title Far more precious than jewels :
Remainder of title perspectives on biblical women /
Statement of responsibility, etc Katheryn Pfisterer Darr.
250 ## - EDITION STATEMENT
Edition statement 1st ed.
260 ## - PUBLICATION, DISTRIBUTION, ETC. (IMPRINT)
Place of publication, distribution, etc Louisville, Ky. :
Name of publisher, distributor, etc Westminster/John Knox Press,
Date of publication, distribution, etc c1991.
300 ## - PHYSICAL DESCRIPTION
Extent 223 p. ;
440 #0 - SERIES STATEMENT/ADDED ENTRY--TITLE
Title Gender and the biblical tradition
9 (RLIN) 7781
504 ## - BIBLIOGRAPHY, ETC. NOTE
Bibliography, etc Includes bibliographical references (p. 203-211) and index.
630 00 - SUBJECT ADDED ENTRY--UNIFORM TITLE
Uniform title Bible.
Name of part/section of a work Old Testament
General subdivision Biography.
9 (RLIN) 7782
630 00 - SUBJECT ADDED ENTRY--UNIFORM TITLE
Uniform title Bible.
Name of part/section of a work Old Testament
General subdivision Feminist criticism.
9 (RLIN) 7783
650 #0 - SUBJECT ADDED ENTRY--TOPICAL TERM
Topical term or geographic name as entry element Women in the Bible.
9 (RLIN) 7784
856 42 - ELECTRONIC LOCATION AND ACCESS
Materials specified Contributor biographical information
Uniform Resource Identifier <a href="http://www.loc.gov/catdir/enhancements/fy1206/91004516-b.html">http://www.loc.gov/catdir/enhancements/fy1206/91004516-b.html</a>
856 42 - ELECTRONIC LOCATION AND ACCESS
Materials specified Publisher description
Uniform Resource Identifier <a href="http://www.loc.gov/catdir/enhancements/fy1206/91004516-d.html">http://www.loc.gov/catdir/enhancements/fy1206/91004516-d.html</a>
906 ## - LOCAL DATA ELEMENT F, LDF (RLIN)
a 7
b cbc
c orignew
d 1
e ocip
f 19
g y-gencatlg
942 ## - ADDED ENTRY ELEMENTS (KOHA)
Source of classification or shelving scheme Library of Congress Classification
Koha item type Monograph ( Printed materials)
Holdings
Withdrawn status Lost status Source of classification or shelving scheme Damaged status Not for loan Collection code Home library Current library Shelving location Date acquired Total Checkouts Full call number Barcode Date last seen Price effective from Koha item type
    Library of Congress Classification     Main Collection ARRUPE LIBRARY ARRUPE LIBRARY Main Collection 03/02/2014   BS575 .D33 1991 464123465 07/12/2016 03/02/2014 Monograph ( Printed materials)

 

Arrupe Library. PO Box MP320 Mt Pleasant, Harare, Zimbabwe
263 242 745411|librarian@aju.ac.zw